| 000 | 01448cam a2200409 i 4500 | ||
|---|---|---|---|
| 001 | 18765126 | ||
| 003 | Ke-BoTe | ||
| 005 | 20211104163127.0 | ||
| 008 | 150831s2013 nr a b 000 0deng d | ||
| 010 | _a 2015386938 | ||
| 020 | _a9789789354153 | ||
| 020 | _a9789354150 | ||
| 035 | _a(OCoLC)ocn925628988 | ||
| 040 |
_aCSt _beng _cSTF _erda _dCUY _dDLC |
||
| 042 | _alccopycat | ||
| 043 | _af-nr--- | ||
| 050 | 0 | 0 |
_aBR1642.N6 _bL37 2013 |
| 100 | 1 |
_aLar, Davidson Musa, _eauthor. _9395 |
|
| 245 | 1 | 0 |
_aSoul harvest : _bthe story of New Life for All at 50 / _cDavidson Musa Lar, Gyang D. Pam. |
| 246 | 3 | 0 | _aNew Life for All at fifty |
| 264 | 1 |
_a[Nigeria] : _bNew Life for All Publications, _c2013. |
|
| 300 |
_axiv, 284 pages : _bcolor illustrations ; _c22 cm |
||
| 336 |
_atext _2rdacontent |
||
| 337 |
_aunmediated _2rdamedia |
||
| 338 |
_avolume _2rdacarrier |
||
| 504 | _aIncludes bibliographical references. | ||
| 610 | 2 | 0 |
_aNew Life for All. _9396 |
| 650 | 0 |
_aEvangelistic work _zNigeria _xHistory _y20th century. _9397 |
|
| 650 | 0 |
_aEvangelistic work _zNigeria _xHistory _y21st century. _9398 |
|
| 651 | 0 |
_aNigeria _xChurch history. _9399 |
|
| 653 |
_aEvangelicalism _aNigeria _a20th-21st century |
||
| 700 | 1 |
_aPam, Gyang D., _eauthor. _9400 |
|
| 906 |
_a7 _bcbc _ccopycat _d3 _encip _f20 _gy-gencatlg |
||
| 942 |
_2lcc _cBK _n0 |
||
| 999 |
_c126 _d126 |
||